Quizzes
Events
Quiz Creation
Community
Videos
Private Events
Remove Ads
Sign In
Join for FREE
Feedback
Dark Mode
Quiz Categories
Sports
Geography
Music
Movies
Television
Just For Fun
Miscellaneous
History
Literature
Language
Science
Gaming
Entertainment
Religion
Holiday
For Kids
Quiz Lab
Recent
Popular Today
Quiz Kudos Today
Editor Picks
Curator Picks
Quizzes by...
Day
Popularity
Type
Ratings
Length
Year
Community
Subscriptions
Recent Discussions
Orange Saloon
Badges
Playlists
Quests
Create
Leaderboards
Showdown
Live 5
Trivia Bingo
Activity
Puzzle Library
Sporcle Events
Private Events
Virtual Trivia
Globe League
Become a Host
Pub Owners
SporcleCon
Opinionation
Our Games
Videos
Blog
Mobile Apps
Partnerships
Remove Ads and Go Orange
Feedback
Sports
Athletes
MLB
NBA
NHL
NFL
Soccer
Sports Teams
WWE
NCAA
Football
Premier League
Basketball
Baseball
Hockey
Golf
Tennis
Cricket
Rugby
Auto Racing
Olympics
World Cup
Sports
Athletes
MLB
NBA
NHL
NFL
Soccer
Sports Teams
WWE
NCAA
Football
Premier League
Basketball
Baseball
Hockey
Golf
Tennis
Cricket
Rugby
Auto Racing
Olympics
World Cup
Random Quiz
Search Sporcle
×
Quiz Lab
Quiz Lab
Sports
France
Type in answers that appear in a list
Type in answers that appear in a list
Classic
Best Score? Go Orange.
Equipe de France : qualifications Championnat d'Europe Stats
Pouvez-vous citer les adversaires de l'équipe de France pour les qualifications des différents Championnats d'Europe?
By
pharmachien53
10m
60 Questions
1,118 Plays
1,118 Plays
1,118 Plays
Comments
Comments
Give Quiz Kudos
Give Quiz Kudos
-
- Ratings
hide this ad
Replay
Link that replays current quiz
Next Quiz
Link to next quiz in quiz playlist
You Got
0%
They Got
Avg Score
76%
Avg Friend Score
Upgrade to see
Score Distribution
Jump to the score distribution portion of the page
Score
0/60
Timer
10:00
0
Plays Today
Championnat d'Europe
Adversaire
% Correct
2024
Irlande
100%
2024
Pays-Bas
98.5%
2024
Grèce
96.9%
1992
Espagne
96.6%
2008
Italie
96.3%
1976
RDA
95.8%
1988
RDA
95.8%
1988
URSS
95%
1980
Suède
94.4%
2000
Russie
93.7%
1964
Angleterre
92.8%
1968
Belgique
92.4%
1976
Belgique
92.4%
2020
Turquie
92.4%
2020
Islande
91.2%
2020
Andorre
90.4%
1972
Norvège
89.6%
1988
Norvège
89.6%
1976
Islande
89.5%
1988
Islande
89.5%
1992
Islande
89.5%
2000
Islande
89.5%
1968
Luxembourg
88.5%
1980
Luxembourg
88.5%
2012
Luxembourg
88.5%
2000
Andorre
88.5%
1996
Roumanie
87.6%
2000
Ukraine
87.6%
2008
Ukraine
87.6%
2012
Roumanie
87.6%
Championnat d'Europe
Adversaire
% Correct
2008
Ecosse
87.6%
1960
Grèce
86.8%
1968
Pologne
85.9%
1996
Pologne
85.9%
1960
Autriche
84.2%
2020
Albanie
83.9%
2024
Gibraltar
83.1%
1964
Bulgarie
82.9%
1972
Bulgarie
82.9%
1992
Albanie
82.4%
2012
Albanie
82.4%
1996
Slovaquie
80.2%
2008
Lituanie
79.2%
2012
Biélorussie
79.2%
1964
Hongrie
78.6%
1972
Hongrie
78.6%
2004
Slovénie
78.5%
2004
Chypre
77.3%
2004
Malte
75.9%
1968
Yougoslavie
75.5%
2020
Moldavie
74.8%
1996
Israël
71.4%
2004
Israël
71.4%
2012
Bosnie-Herzégovine
69.7%
2000
Arménie
62%
2008
Géorgie
59.9%
2008
Iles Féroé
56.9%
1996
Azerbaïdjan
54.9%
1980
Tchécoslovaquie
53.2%
1992
Tchécoslovaquie
53.2%
Quiz Playlist
Details
Report
Send in Message
Add To Playlist
Classic:
Type in answers that appear in a list
Last Updated: Sep 21, 2017
Quiz Scoreboard
CHALLENGE
Sign Up to Join the Scoreboard
Show All
Scores
Hide
Comments
May contain spoilers
Recently Published
NBA Finals Game Top Scorers (2010s)
by flibbidy
Sports
5m
Guess the 'R' Things in 3 Words
by MSUKent
Miscellaneous
3m
Actor to Badly Drawn Movie III
by MoMosMoProblems
Movies
5m
More to Explore
Quiz From the Vault
Featured Blog Post
Where Does Lost Luggage Go?
hide this ad
You Might Also Like...
Tags
Football Team
France
Today's Top Quizzes in Sports
Browse Sports
hide this ad
Today's Top Quizzes in France
Browse France
Top Contributed Quizzes in Sports
1
Les joueurs à 100 buts en Ligue 1 Uber Eats
2
2022 World Cup Stars
3
2024 March Madness Bracket
4
Millionaire: NBA Finals Edition
5
Players with Multiple 50 Home Run Seasons
6
Criteria MLB: Left Handed Sluggers
7
Nickname Match: Athletes VI
8
Iconic Moments in Football - Multiple Choice
9
NFL MVPs ordered
10
NBA Championships Per City
Explore More
Trending Topics
Disney
Anime
NBA
Marvel
Harry Potter
Crossword
Kpop
NFL
Country
Song
Puzzle
Soccer
Pokémon
WWE
The Office
hide this ad
More By:
pharmachien53
Quiz
Plays
Rating
Category
Featured
Created
Marseille et équipe de France
3,871
5.00
Sports
Apr 12, 2018
Lyon et équipe de France
3,020
5.00
Sports
Apr 12, 2018
Bordeaux et équipe de France
2,657
5.00
Sports
Apr 12, 2018
Paris Saint-Germain et équipe de France
2,096
5.00
Sports
Apr 12, 2018
Monaco et équipe de France
1,401
5.00
Sports
Apr 12, 2018
Go to Creator's Profile
Score Distribution
Quiz Creator Spotlight
pharmachien53
Follow
Send a Message
Quizzes Created
-
Created Quiz Play Count
-
More By This Creator
Popular Quizzes Today
1
Find the US States - No Outlines Minefield
2
Find the US States
3
The Countries of the World
4
10 Largest US States in Order
5
Find the Countries of Europe - No Outlines Minefield
6
US States
7
Guess the 'R' Things in 3 Words
8
NBA Finals Game Top Scorers (2010s)
More Sports Quizzes
ESPN Greatest Athletes
Published
Trending Quizzes
First Name TV: Leading Men
Match the Book to the Film II
First Name TV: Leading Women Drama
Pick A Pair: Religious TV
Match the Book to the Film VI
Recently Updated
Women's Final Four Teams by Year
bhenderson79
Presidents Quartet II
eogle
Anything But Clue(do)
eogle
Anything But Oceanian Capitals
eogle
Anything But 7
eogle
Anything But Thing
eogle
Word Ladder: February 29
pecheneg
Song Title Questions
pecheneg
Women's NCAA Tournament #1 Seeds
pecheneg
Celebrity Mug Shots
pecheneg
Trending Topics
Harry Potter
Marvel
Anime
Kpop
NBA
Disney
Crossword
Puzzle
WWE
Country
The Office
NFL
Song
Pokémon
Soccer
Your Account Isn't Verified!
In order to create a playlist on Sporcle, you need to verify the email address you used during registration. Go to your
Sporcle Settings
to finish the process.
Report this User
Report this user for behavior that violates our
Community Guidelines
.
Details:
Send Report
Go to the Sporcle.com Mobile Site →
Comments